| 000 | 00710nam a2200193 a 4500 | ||
|---|---|---|---|
| 005 | 20230330063735.0 | ||
| 008 | 991125s1972 es 000 0 spa u | ||
| 035 | _aUPN01000025065 | ||
| 049 | _aCG | ||
| 050 | 4 |
_aHD33 _bCH6.38 |
|
| 100 | 1 | _aChorafas, Dimitris N. | |
| 245 | 1 | 3 |
_aLa formación permanente a nivel de gestión / _cDimitris N. Chorafas ; tr. Josep Ma. Grassot Ros ; pref. I Davril ; pref. II Ambroise Roux. |
| 260 |
_aBarcelona, Esp. : _bHispano-Europea, _cc1972. |
||
| 300 |
_a260 p. : _bil. |
||
| 440 | 0 |
_aBiblioteca de dirección, organización y administración de empresas. _pDirección |
|
| 650 | 4 |
_aGESTION DE NEGOCIOS _98974 |
|
| 650 | 2 |
_aOrganización industrial _96170 |
|
| 905 | _aLibro | ||
| 999 |
_c25065 _d25065 |
||